UK and Ireland Cities Word Jumble - Statistics

General Stats
  • This quiz has been taken 512 times
  • The average score is 11 of 15
Answer Stats
Jumbled Cities City % Correct
ROYK York
99%
NOLNOD London
94%
BINLUD Dublin
92%
STRENACHEM Manchester
90%
MOTHULYP Plymouth
84%
DONDONRELRY Londonderry
83%
RELIVLOOP Liverpool
82%
RICHWON Norwich
69%
DEERBEAN Aberdeen
66%
WESSANA Swansea
65%
CATSWELNE Newcastle
62%
SEVERNINS Inverness
57%
DELFEFISH Sheffield
55%
TAMONOTSPUTH Southampton
53%
GRUBINHED Edinburgh
52%
No matching quizzes found
Score Distribution
Percent of People with Each Score
Percentile by Number Answered
Your Score History
You have not taken this quiz